000 01108nam0a2200325 4500
001 RU\NLR\bibl\1149912
005 20260405115639.0
010 _a978-5-912420-21-4
_911000
021 _aRU
_b2007-67632
_93628
035 _a(NLR Aleph) 001136711
090 _a1391884
_c1391884
100 _a20071106d2007 |||y0rusy50 ca
101 0 _arus
102 _aRU
105 _aa |||||||||
200 1 _aМой любимый букварь
_e[стихи
_fСеверинец
_gхудож. Е. Стасюк и др.]
210 _aСмоленск
_c[б. и.]
_d2007
215 _a[47] с.
_cцв. ил.
_d21
225 1 _aПушистые книжки
300 _aАвт. указан в вып. дан.
606 1 _aРусский язык
_jБуквари
_91533567
_3RU\NLR\AUTH\66969347
686 _aШ141.12-921б
700 1 _4070
_8rus
_7ca
_aСеверинец
_bК.
_f1952-
_gКонстантин
_3RU\NLR\auth\7745993
_928928
702 1 _aСтасюк
_bЕ.
_4040
801 0 _aRU
_bNLR
_c20071106
_gRCR
801 1 _aRU
_bNLR
_c20071106
942 _cBOOK
980 _aNB
980 _aNBR